Minnesota Vikings 2021 Roster - Statistics

General Stats
  • This quiz has been taken 163 times
  • The average score is 17 of 36
Answer Stats
Pos. Player % Correct
QB Kirk Cousins
100%
WR Justin Jefferson
97%
RB Dalvin Cook
95%
WR Adam Thielen
93%
S Harrison Smith
83%
TE Irv Smith
82%
RB Alexander Mattison
76%
DE Danielle Hunter
73%
LB Eric Kendricks
68%
Coach Mike Zimmer
62%
LB Anthony Barr
56%
QB Kellen Mond
54%
CB Patrick Peterson
54%
TE Tyler Conklin
50%
K Greg Joseph
49%
C Garrett Bradbury
45%
WR Bisi Johnson
41%
CB Cameron Dantzler
40%
OT Christian Darrisaw
39%
DT Dalvin Tomlinson
35%
RB Ameer Abdullah
31%
OT Brian O'Neill
31%
DT Michael Pierce
31%
S Xavier Woods
30%
WR Chad Beebe
29%
CB Mackensie Alexander
28%
OG Ezra Cleveland
27%
DE DJ Wonnum
26%
WR Ihmir Smith-Marsette
26%
CB Bashaud Breeland
22%
P Britton Colquitt
21%
LB Nick Vigil
21%
DT Sheldon Richardson
21%
CB Jeff Gladney
18%
OG Dakota Dozier
15%
LB Chazz Surratt
9%
No matching quizzes found
Score Distribution
Percent of People with Each Score
Percentile by Number Answered
Your Score History
You have not taken this quiz